000 00393nam a22001457a 4500
005 20200619145659.0
008 200619b xxu||||| |||| 00| 0 eng d
082 _a345.4 LIC
110 _aALL INDIA REPORTER
_96232
245 _aLABOUR AND INDUSTRIAL CASES [1978] V- 11 JOURNAL
260 _aMUMBAI
_bALL INDIA REPORTER Pvt.Ltd.
_c1978
300 _a960p.
650 _aLAW
_95701
942 _cJRL
999 _c7327
_d7325